书目信息 |
| 题名: |
不可阻挡
|
|
| 作者: | 王甲 , 李进 著 | |
| 分册: | ||
| 出版信息: | 北京 北京大学出版社 2015 |
|
| 页数: | 13,214页 | |
| 开本: | 21cm | |
| 丛书名: | ||
| 单 册: | ||
| 中图分类: | I253.9 | |
| 科图分类: | ||
| 主题词: | 纪实文学--ji shi wen xue--作品集--中国--当代 | |
| 电子资源: | ||
| ISBN: | 978-7-301-25316-8 | |
| 000 | 00851nam0 22002531 450 | |
| 001 | 387677 | |
| 005 | 20170502165515.0 | |
| 010 | @a978-7-301-25316-8@dCNY36.00 | |
| 100 | @a20150521d2015 em y0chiy50 ea | |
| 101 | 0 | @achi |
| 102 | @aCN@b110000 | |
| 105 | @aa z 000zy | |
| 106 | @ar | |
| 200 | 1 | @a不可阻挡@9bu ke zu dang@e用眼睛书写生命@f王甲,李进著 |
| 210 | @a北京@c北京大学出版社@d2015 | |
| 215 | @a13,214页@c照片@d21cm | |
| 330 | @a全书共七章。内容包括:梦想开始的地方;跌落的生命在无声呐喊;我拿什么给你,我的再生父母;生命不息,梦想不止等。 | |
| 517 | 1 | @a用眼睛书写生命@9yong yan jing shu xie sheng ming |
| 606 | 0 | @a纪实文学@9ji shi wen xue@x作品集@y中国@z当代 |
| 690 | @aI253.9@v5 | |
| 701 | 0 | @a王甲@9wang jia@4著 |
| 701 | 0 | @a李进@9li jin@4著 |
| 801 | 0 | @aCN@b百万庄@c20170308 |
| 905 | @b1003318-23@dI253.9@e977@f6 | |
| 不可阻挡:用眼睛书写生命/王甲,李进著 .-北京:北京大学出版社,2015 |
| 13,214页:照片;21cm |
| ISBN 978-7-301-25316-8:CNY36.00 |
| 全书共七章。内容包括:梦想开始的地方;跌落的生命在无声呐喊;我拿什么给你,我的再生父母;生命不息,梦想不止等。 |
| ● |
| 相关链接 |
|
|
|
|
正题名:不可阻挡
索取号:I253.9/977
 
预约/预借
| 序号 | 登录号 | 条形码 | 馆藏地/架位号 | 状态 | 备注 |
| 1 | 1003318 | 210033186 | 第一样本阅览室/ [索取号:I253.9/977] | 在馆 | |
| 2 | 1003319 | 210033195 | 教育系资料室/ [索取号:I253.9/977] | 在馆 | |
| 3 | 1003320 | 210033202 | 教育系资料室/ [索取号:I253.9/977] | 在馆 | |
| 4 | 1003321 | 210033211 | 教育系资料室/ [索取号:I253.9/977] | 在馆 | |
| 5 | 1003322 | 210033220 | 第二借阅区/ [索取号:I253.9/977] | 在馆 | |
| 6 | 1003323 | 210033239 | 第二借阅区/ [索取号:I253.9/977] | 在馆 |